000 01861nam a22002537a 4500
005 20250530122151.0
008 250412b |||||||| |||| 00| 0 eng d
020 _a9789358520347
040 _cSDCL
041 _2eng
_aeng
084 _aV21:24'P R4
100 _aMorrison, Kathleen D.
245 _aForests, foragers and empires :
_bSocionatural histories of Southern India
260 _aDelhi :
_bPrimus Books,
_c2024.
300 _ax, 449p.
520 _aForests, Foragers, and Empires: Socionatural Histories of Southern India explores the complex histories of south Indian forests and foragers, focusing on historical recognitions and misrecognitions emerging from prior assumptions about human and non-human history, and about presumed fundamental characteristics of 'nature' and 'culture'. Many of these essays focus on the hunting and gathering peoples of southern India, especially as they have articulated with others throughout the Holocene. Other essays consider the larger-scale landscape histories within which these are situated, from the forests themselves to local and long-standing networks of production, trade, and power. These histories include multiple forms of agency-kings, hunters, merchants, farmers, sailors, city-dwellers, and of course plants, animals, and the forests themselves. This collection of essays aims to reinsert both forests and foragers into mainstream South Asian history, including the history of European colonial expansion and conquest, as well as those of other imperial polities.
650 _aForests and forestry -- History -- India
_9811171
650 _aSouth -- Asia
_9811172
650 _aHuman ecology -- History -- India
_9811173
650 _aHunting and gathering societies -- History -- India
_9811174
650 _aSouth -- Asia
_9811172
942 _2CC
_cTEXL
_n0
999 _c1308923
_d1308923